| 000 | 00430nam a2200181Ia 4500 | ||
|---|---|---|---|
| 001 | 9550 | ||
| 005 | 20260306161726.0 | ||
| 008 | 260306t1997||||xx |||||||||||||| ||spa|| | ||
| 041 | _aESP | ||
| 082 |
_a382 _bS52 |
||
| 100 |
_aSierralta Ríos, Aníbal _eAUT |
||
| 245 | 0 | _aJoint Venture Internacional | |
| 260 | _c1997 | ||
| 300 |
_aXXIV, 475 páginas : _c23 cm. |
||
| 650 | _aGEN | ||
| 654 | _aCAN | ||
| 942 |
_cLIB _dJUS _fJUS _2ddc _n |
||
| 999 |
_c9550 _d9550 |
||